LEADER 01392nam a2200313 i 4500 001 000000244433 003 CaOOAMICUS 005 20211223110049.0 008 150806s1959 it u000 u ita u 013 $a223338 040 $aSeMil$bita 100 1 $aHamman, Adalbert-Gautier,$c.$0(OLS)http://semarc/name/5498 245 13$aLe gesta dei martiri /$cAdalberto Hamman ; introduzione di Daniel-Rops. 260 $aMilano :$bVita e Pensiero,$c1959. 300 $a463 p. ;$c20 cm. 500 $aFondo card. Giovanni Colombo (3GC VI 337). 500 $aContiene Appendice. 650 4$aMartiri cristiani.$0(OLS)http://semarc/subject/1590 650 4$aPersecuzioni religiose - Storia - Sec. 1.-5.$0(OLS)http://semarc/subject/35389 650 4$aMartiri cristiani - Storia - Sec. 2.-6.$0(OLS)http://semarc/subject/36331 700 1 $aDaniel-Rops,$c.$0(OLS)http://semarc/name/5511 850 $aSeMil 852 $aSeMil$W1$xVenegono$y1$m3J II 188$j143778$B143778$CSeMilBibl$Z2$F155263 $81 852 $aSeMil$W1$xVenegono$y1$m3GC VI 337$j194779$B194779$CSeMilBibl$Z2$F205507 $8B 941 1 $a3 961 $aLascito: Colombo Card. Giovanni 996 $6245$aLe gesta dei martiri$9(OLS)http://semarc/title/270457 996 $6260$aMilano :$bVita e Pensiero$9(OLS)http://semarc/publisher/29642 LEADER 00978nam a2200241 i 4500 001 000000064660 003 CaOOAMICUS 005 20260304142034.0 008 080312s1953 it u000 u ita u 013 $a35832 040 $aSeMil$bita 100 1 $aPapini, Giovanni,$d<1881-1956>.$0(OLS)http://semarc/name/1547 245 13$aIl diavolo :$bappunti per una futura diabologia /$cGiovanni Papini. 264 1$aFirenze :$bVallecchi,$c1953. 300 $a394 p., [8] p. di tav. ;$c19 cm. 490 1 $aLetteratura contemporanea 650 4$aDemonio.$0(OLS)http://semarc/subject/6235 830 0$aLetteratura contemporanea.$0(OLS)http://semarc/title/6914 850 $aSeMil 852 $aSeMil$W1$xVenegono$y1$m1B III 149$j231718$B30813$CSeMilBibl$Z2$F30816 $81 996 $6245$aIl diavolo :$bappunti per una futura diabologia$9(OLS)http://semarc/title/102444 996 $6264$aFirenze :$bVallecchi$9(OLS)http://semarc/publisher/29768